01010nam a2200253Ia 4500003000400000005001700004008004100021020001800062040001800080041000800098082002500106245013400131250001200265260003600277300002900313650004100342650003800383650003500421700003700456700003400493942003500527999001900562952017500581OSt20241219154601.0210716s2015 xx 000 0 und d a9781584888222 cAIMIT LIBRARY aeng a001.072005722bATAM aAlgorithms and theory of computation handbook :bgeneral concepts and techniques /cEdited by Mikhail Atallah and Marina Blanton. a2nd ed. aNew Delhi :bCRC Press ,c2015. axv,I-16p. ;bHBc25.8 cm aSorting and order statistics9191724 aTopics in data structures9191725 aBasic graph algorithms9191726 aAtallah, Mikhail J., ed.9191727 aBlanton, Marina., ed.9191728 2ddccBKe2ndk001.0720057 ATAM c194389d194389 00102ddc40708MCAaAIMITbAIMITeKnowledge Worldg3500.00iBill no:432; Bill dt:2015-03-03l0o001.0720057 ATAMpMCA13897r2025-07-21 00:00:00v2625.00w2021-07-16yBK